000 00305nam a22001337a 4500
008 190206b xxu||||| |||| 00| 0 eng d
020 _a0131120522
041 _aeng
080 _23rd
_a510
100 _a38
101 _aMAT
245 _aCalculus with analytic geometry
_cPurcell,E.J
942 _2udc
_cBK
999 _c54100
_d54100